Zajištění konkurenční výhody v hotelnictví prostřednictím logistiky
Úloha logistiky v oblasti zabezpečenia konkurenčnej výhody v segmente hotelierstva. Význam logistiky pri riadení dodávateľských reťazcov. Význam inforácií a ich kľúčová úloha pre možnosť optimalizácie logistických procesov v hoteloch.
Salvato in:
| Autore principale: | |
|---|---|
| Altri autori: | |
| Natura: | Capitolo di libro |
| Lingua: | ceco |
| Soggetti: | |
| Tags: |
Nessun Tag, puoi essere il primo ad aggiungerne!!
|
MARC
| LEADER | 00000naa a2200000 4500 | ||
|---|---|---|---|
| 001 | 0208141 | ||
| 005 | 20231127124807.7 | ||
| 041 | 0 | |a cze | |
| 044 | |a CZ | ||
| 245 | 1 | 0 | |a Zajištění konkurenční výhody v hotelnictví prostřednictím logistiky |c Petr Hajna, Milan Lauber |
| 520 | |a Úloha logistiky v oblasti zabezpečenia konkurenčnej výhody v segmente hotelierstva. Význam logistiky pri riadení dodávateľských reťazcov. Význam inforácií a ich kľúčová úloha pre možnosť optimalizácie logistických procesov v hoteloch. | ||
| 610 | 2 | 0 | |a hotelierstvo |
| 610 | 2 | 0 | |a výhody konkurenčné |
| 610 | 2 | 0 | |a reťazce dodávateľsko-odberateľské |
| 610 | 2 | 0 | |a prostredie podnikateľské |
| 610 | 2 | 0 | |a logistika |
| 100 | 1 | |a Hajna, Petr | |
| 700 | 1 | |a Lauber, Milan | |